00336nam a2200133Ia 45000030006000000080041000060400015000471000023000622450069000852500010001542600009001645460012001730050017001850STCL150530s9999 xx 000 0 und d aSTCLcSTCL aBernard Herber, P. aModern public finance the study of public sector economic series aThird c1975 aEnglish20220125165544.0